History Quiz / Dictator Slideshow

Random History Quiz

Results

Quiz not verified by Sporcle

Challenge
Share
Tweet
Score 0/25 Timer 10:00
0 Plays Today
% Correct
Adolf Hitler
99.5%
Joseph Stalin
87.2%
Saddam Hussein
85.6%
Benito Mussolini
83.1%
Mao Zedong
82.6%
Fidel Castro
82.6%
Moammar Gadhafi
77.4%
Idi Amin Dada
76.9%
Robert Mugabe
69.2%
Ho Chi Minh
53.8%
Napoleon Bonaparte
52.3%
Pol Pot
47.2%
Francisco Franco
32.3%
% Correct
Leopold II
28.7%
Juan Peron
27.2%
Kim Il Sung
25.1%
Emperor Hirohito
22.1%
Omar al-Bashir
21.5%
King Abdullah
20%
Yakubu Gowon
7.2%
Yahya Khan
6.2%
Porifirio Diaz
6.2%
Isaias Afewerki
5.6%
Mengistu Haile Mariam
4.6%
Rafael Trujillo
4.1%
 
Number % Answered
25 (all)
2.6%
22-24
1%
19-21
2.1%
16-18
9.2%
13-15
23.6%
10-12
28.2%
7-9
14.9%
4-6
8.2%
1-3
10.3%

You're not logged in!

Compare scores with friends on all Sporcle quizzes.
Sign Up with Email
OR
Log In

You Might Also Like...

Show Comments

Extras


Your Account Isn't Verified!

In order to create a playlist on Sporcle, you need to verify the email address you used during registration. Go to your Sporcle Settings to finish the process.